Normal view
MARC view
Entry Geographic Name
001 - CONTROL NUMBER
- control field: 31403
003 - CONTROL NUMBER IDENTIFIER
- control field: ARRUPE
005 - DATE AND TIME OF LATEST TRANSACTION
- control field: 20170529114601.0
008 - FIXED-LENGTH DATA ELEMENTS
- fixed length control field: 170529|| aca||aabn | a|a d
040 ## - CATALOGING SOURCE
- Original cataloging agency: ARRUPE
- Transcribing agency: ARRUPE
151 ## - HEADING--GEOGRAPHIC NAME
- Geographic name: Africa
- General subdivision: Civilization
- General subdivision: Historiography.
670 ## - SOURCE DATA FOUND
- Source citation: Work cat.: (ARRUPE)5698: Derricourt, Robin M. 30132, Inventing Africa :, 2011.